000 01119cam a2200265 i 4500
003 SA-RiAUC
005 20250103130858.0
008 250102s1999 su g 00010 ara c
040 _aSA-JeALM
_bara
_cSA-RiAUC
_erda
082 0 4 _a251.16
_qSA-RiAUC
090 _a251.16
_bا ب ن ت
100 1 _aابن تيمية، أحمد بن عبد الحليم بن عبد السلام،
_d661-728 هجري
_eمؤلف.
245 1 0 _aقاعدة في الاستحسان /
_cتأليف أحمد بن عبد الحليم بن تيمية ؛ قرأها وعلق عليها محمد عزير شمس.
250 _aالطبعة الأولى.
264 1 _aمكة المكرمة ؛
_bدار عالم الفوائد،
_c1999
300 _a152 صفحة ؛
_c24 سم
336 _aنص
_btxt
_2rdacontent
_3كتاب
337 _aبدون وسيط
_bn
_2rdamedia
338 _aمجلد
_bnc
_2rdacarrier
650 7 _aالاستحسان (أصول فقه)
_2aucsh
650 7 _aالقياس (أصول فقه)
_2aucsh
700 1 _aشمس، محمد عزير
_eمعلق.
942 _2ddc
_cBOOK
_n0
949 _aSA-JeALM
_d250102
_uosman123
_n1
999 _c4381
_d4381